Landlord accreditation schemes - a better way of working with landlords (Record no. 73324)
[ view plain ]
| 000 -LEADER | |
|---|---|
| fixed length control field | 01249cam a2200229 4500 |
| 001 - CONTROL NUMBER | |
| control field | ABS66992 |
| 008 - FIXED-LENGTH DATA ELEMENTS--GENERAL INFORMATION | |
| fixed length control field | 030902n2003 000 0 eng u |
| 035 ## - SYSTEM CONTROL NUMBER | |
| System control number | (Sirsi) u123453 |
| 245 ## - TITLE STATEMENT | |
| Title | Landlord accreditation schemes - a better way of working with landlords |
| 260 ## - PUBLICATION, DISTRIBUTION, ETC. | |
| Date of publication, distribution, etc. | 2003 |
| 490 ## - SERIES STATEMENT | |
| Series statement | Letting Update Journal |
| Volume/sequential designation | 11(2) July 2003, 20-28(3) |
| 520 ## - SUMMARY, ETC. | |
| Summary, etc. | Looks at the rapid development of local landlord accreditation schemes (over 100 local authorities run them), which are seen by many as a fresh way of encouraging better quality private rented housing and providing an alternative to regulation and enforcement. Describes what accreditation schemes are, the requirements for and benefits of accreditation, the role of local authorities and professional bodies, the National Accreditation Network UK and the National Approved Letting Scheme (NALS) and evaluates the alternatives of regulation and licensing. Gives sources of further information. |
| 590 ## - LOCAL NOTE (RLIN) | |
| Local note | ABS |
| 650 ## - SUBJECT ADDED ENTRY--TOPICAL TERM | |
| Topical term or geographic name entry element | NATIONAL APPROVED LETTING SCHEME |
| 650 ## - SUBJECT ADDED ENTRY--TOPICAL TERM | |
| Topical term or geographic name entry element | ACCREDITATION |
| 650 ## - SUBJECT ADDED ENTRY--TOPICAL TERM | |
| Topical term or geographic name entry element | NATIONAL ACCREDITATION NETWORK UK |
| 650 ## - SUBJECT ADDED ENTRY--TOPICAL TERM | |
| Topical term or geographic name entry element | ACCREDITATION SCHEMES |
| 650 ## - SUBJECT ADDED ENTRY--TOPICAL TERM | |
| Topical term or geographic name entry element | LANDLORDS |
| 650 ## - SUBJECT ADDED ENTRY--TOPICAL TERM | |
| Topical term or geographic name entry element | LICENSING |
| 690 ## - LOCAL SUBJECT ADDED ENTRY--TOPICAL TERM (OCLC, RLIN) | |
| Topical term or geographic name as entry element | HOUSING-PRIVATE RENTED SECTOR |
| 942 ## - ADDED ENTRY ELEMENTS (KOHA) | |
| Suppress in OPAC | 0 |
| Withdrawn status | Lost status | Source of classification or shelving scheme | Damaged status | Not for loan | Home library | Current library | Shelving location | Date acquired | Total Checkouts | Full call number | Barcode | Date last seen | Copy number | Price effective from | Koha item type |
|---|---|---|---|---|---|---|---|---|---|---|---|---|---|---|---|
| Dewey Decimal Classification | London | London | Journal article | 02/09/2003 | ABS66992 | 123453-1001 | 06/08/2019 | 1 | 06/08/2019 | Journal article |